|
|
|
|
| LEADER |
00000nam0a2200000 4500 |
| 001 |
103673 |
| 005 |
20231031113731.0 |
| 010 |
|
|
|a 5985343316
|
| 035 |
|
|
|a (RuTPU)RU\TPU\book\111768
|
| 090 |
|
|
|a 103673
|
| 100 |
|
|
|a 20061020d2006 km y0rusy50 ca
|
| 101 |
0 |
|
|a rus
|
| 102 |
|
|
|a RU
|
| 105 |
|
|
|a y g 000zy
|
| 200 |
1 |
|
|a Квалификационный справочник должностей руководителей, специалистов и других служащих
|
| 210 |
|
|
|a Москва
|c Ось-89
|d 2006
|
| 215 |
|
|
|a 432 с.
|
| 225 |
1 |
|
|a Кадровое дело
|
| 330 |
|
|
|a В настоящее издание включены Квалификационный справочник должностей руководителей, специалистов и других служащих, утвержденный постановлением Минтруда России 21 августа 1998 года № 37, Порядок применения Единого квалификационного справочника должностей руководителей, специалистов и служащих, утвержденный постановлением Минтруда России от 9 февраля 2004 года № 9, Единый квалификационный справочник должностей руководителей, специалистов и служащих, утвержденный постановлением Министерства труда и социального развития Российской Федерации от 22 апреля 2004 года № 51, Единый квалификационный справочник должностей руководителей, специалистов и служащих, утвержденный постановлением Минтруда России от 29 января 2004 года № 5, Квалификационный справочник должностей руководителей и специалистов организаций геологии и разведки недр, утвержденный постановлением Минтруда России от 20 декабря 2002 года № 82.
|
| 610 |
1 |
|
|a экономика
|
| 610 |
1 |
|
|a труд
|
| 610 |
1 |
|
|a должности
|
| 610 |
1 |
|
|a специалисты
|
| 610 |
1 |
|
|a служащие
|
| 610 |
1 |
|
|a квалификация
|
| 610 |
1 |
|
|a квалификационные справочники
|
| 610 |
1 |
|
|a руководители
|
| 610 |
1 |
|
|a справочники
|
| 686 |
|
|
|a У9(2)240.3я73
|v LBC/SL-A
|2 rubbk
|
| 801 |
|
1 |
|a RU
|b 63413507
|c 20061020
|g PSBO
|
| 801 |
|
2 |
|a RU
|b 63413507
|c 20120709
|g PSBO
|
| 942 |
|
|
|c BK
|
| 959 |
|
|
|a 89/20061012
|d 1
|e 100,98
|f ЧЗСИО:1
|